00567nam a2200193Ii 450000100060000000300090000600800410001502000150005604000330007104100080010408200240011210000320013624500380016826400740020630000120028033600260029233700280031833800270034613662CO-ViMGA241108s9999||||xx |||||||||||||| ||und|| a9582700483 aCO-ViMGAbspaerdacCO-ViMGA0 aspa04aF.FC Co861.6 - A73h1 aGuillermo Alberto Arévalo10aHay un grito escondido:bPoesía 1aBogotá, Colombia : Arango, [Fecha de publicación no identificada] avolumen atextbtxt2rdacontent aunmediatedbn2rdamedia avolumebnc2rdacarrier